| 000 | 00363nam a2200133Ia 4500 | ||
|---|---|---|---|
| 008 | 231129s1996||||xx |||||||||||||| ||spa|| | ||
| 020 | _a9589075 | ||
| 040 | _bspa | ||
| 082 | _a079.861 J91j | ||
| 245 | 0 | _aJuan Zuleta Ferrer: Todo su corazón estaba en viaje | |
| 260 | _c1996 | ||
| 264 | _aMedellín Colombia : Biblioteca Pública Piloto | ||
| 942 |
_2ddc _cBKS |
||
| 999 |
_c16202 _d16202 |
||